[Event "Jastrzebie Zdroj op"]
[Site "Jastrzebie Zdroj"]
[Date "2022.11.21"]
[Round "4"]
[White "Bala, Bartosz"]
[Black "Gornik, Slawomir"]
[Result "1/2-1/2"]
[WhiteElo "1355"]
[BlackElo "1062"]
[PlyCount "65"]
[EventDate "2022.11.19"]
[EventType "swiss"]
[EventRounds "9"]
[EventCountry "POL"]
[SourceTitle "CBM 211 Extra"]
[Source "ChessBase"]
[SourceDate "2023.01.31"]
[SourceVersion "1"]
[SourceVersionDate "2023.01.31"]
[SourceQuality "1"]

1. b4 d5 2. Bb2 Bf5 3. Nf3 e6 4. e3 Nf6 5. b5 Be7 6. Be2 0-0 7. 0-0 c6 8. a4 cxb5 9. axb5 Nbd7 10. d3 Qc7 11. Nh4 Bg6 12. Nxg6 hxg6 13. c4 dxc4 14. dxc4 b6 15. Nd2 Nc5 16. Qc2 Rfd8 17. Bf3 Rac8 18. Bc6 a5 19. Nb3 Nfd7 20. Rfd1 Nb8 21. Nxc5 Bxc5 22. Bf3 Bd6 23. g3 Be5 24. Rxd8+ Rxd8 25. Bxe5 Qxe5 26. Rd1 Rc8 27. Rd4 Qc7 28. Qd1 Kf8 29. Bb7 Qxb7 30. Rd8+ Ke7 31. Qd6+ Kf6 32. Qf4+ Ke7 33. Qd6+ 1/2-1/2

[Event "Jastrzebie Zdroj op"]
[Site "Jastrzebie Zdroj"]
[Date "2022.11.20"]
[Round "3"]
[White "Gornik, Slawomir"]
[Black "Drabiniok, Kazimierz"]
[Result "0-1"]
[WhiteElo "1062"]
[BlackElo "1813"]
[PlyCount "92"]
[EventDate "2022.11.19"]
[EventType "swiss"]
[EventRounds "9"]
[EventCountry "POL"]
[SourceTitle "CBM 211 Extra"]
[Source "ChessBase"]
[SourceDate "2023.01.31"]
[SourceVersion "1"]
[SourceVersionDate "2023.01.31"]
[SourceQuality "1"]

1. c4 d6 2. Nc3 g6 3. Nf3 Bg7 4. g3 Nc6 5. d4 Bg4 6. Be3 Nf6 7. Bg2 Qd7 8. 0-0 Bxf3 9. Bxf3 Ng4 10. Bg2 Nxe3 11. fxe3 0-0 12. Qd2 Rad8 13. a3 Na5 14. Qd3 e5 15. d5 Nb3 16. Rab1 f5 17. Qc2 Na5 18. Na2 b6 19. b4 Nb7 20. Bh3 Qe7 21. Nc3 Rde8 22. e4 f4 23. Rf3 a5 24. Rbf1 axb4 25. axb4 Nd8 26. Qa4 Qg5 27. Kg2 Re7 28. Qd1 h5 29. Kf2 fxg3+ 30. hxg3 h4 31. Rg1 Bh6 32. Qd3 Ref7 33. Be6 Nxe6 34. dxe6 Rxf3+ 35. exf3 Qf6 36. Nd5 Qxe6 37. Nxc7 Qh3 38. Rg2 Rf7 39. Nd5 Ra7 40. Nc3 Bg5 41. Qd5+ Kh7 42. Qd3 hxg3+ 43. Rxg3 Bh4 44. Qxd6 Qxg3+ 45. Ke3 Bg5+ 46. Ke2 Qg2+ 0-1

[Event "Jastrzebie Zdroj op"]
[Site "Jastrzebie Zdroj"]
[Date "2022.11.20"]
[Round "2"]
[White "Matusiak, Paulina"]
[Black "Gornik, Slawomir"]
[Result "0-1"]
[WhiteElo "1505"]
[BlackElo "1062"]
[PlyCount "82"]
[EventDate "2022.11.19"]
[EventType "swiss"]
[EventRounds "9"]
[EventCountry "POL"]
[SourceTitle "CBM 211 Extra"]
[Source "ChessBase"]
[SourceDate "2023.01.31"]
[SourceVersion "1"]
[SourceVersionDate "2023.01.31"]
[SourceQuality "1"]

1. c4 c5 2. Nc3 Nc6 3. g3 Nf6 4. Bg2 g6 5. d3 Bg7 6. e4 d6 7. Nge2 0-0 8. 0-0 Bg4 9. h3 Bxe2 10. Nxe2 Rb8 11. f4 Nd7 12. Rb1 e6 13. Bd2 Nd4 14. Bc3 Nxe2+ 15. Qxe2 Qe7 16. Bxg7 Kxg7 17. a3 b6 18. b4 Rbe8 19. e5 dxe5 20. fxe5 Qg5 21. Rbe1 Qxg3 22. Rf3 Qg5 23. Kh2 Qe7 24. b5 Rd8 25. Rg3 Qh4 26. Bc6 Qf4 27. Bxd7 Rxd7 28. Rf1 Qd4 29. Qd2 Qxe5 30. Rff3 Rfd8 31. Re3 Qf4 32. Qb2+ Kg8 33. Ref3 Qd4 34. Qc2 Qe5 35. Re3 Qd6 36. Qb2 Qd4 37. Qc2 h5 38. Re4 Qxe4 39. dxe4 Rd2+ 40. Qxd2 Rxd2+ 41. Rg2 Rd4 0-1